000 00626nam a2200205 a 4500
005 20240924070939.0
008 030512s1997 mx r 000 0 spa d
020 _a9586163245
035 _aUPN01000124039
049 _aCG
050 4 _aLB1050
_bL4.4
100 1 _aLerner, Delia
_934531
245 1 0 _aLectura y escritura :
_bperspectiva curricular, aportes de investigación y quehacer en el aula /
_cDelia Lerner.
260 _aBogotá :
_bUniversidad Externado de Colombia,
_c1997.
300 _a63 p.
440 0 _aTemas de educación ;
_v3
650 4 _aEscritura
_913353
650 4 _aLectura
_913351
905 _aLibro
999 _c96218
_d96218